| 000 | 01070nam a22002057a 4500 | ||
|---|---|---|---|
| 003 | OSt | ||
| 005 | 20161117165812.0 | ||
| 008 | 150407b2016 slv spa | ||
| 040 | _cBMC | ||
| 082 | _a372.7 | ||
| 100 | 1 |
_940414 _aSalinas Angel, Karla Andrea María |
|
| 245 | 1 | 0 |
_aElaboración e implementación de estrategias para mejorar el aprendizaje de las competencias matemáticas en el alumnado de segundo grado, de la escuela Cristiana Oasis, Santa Ana _b: proyecto _cKarla Andrea María Salinas Angel |
| 260 |
_aSanta Ana (El Salvador) _bUniversidad Católica de El Salvador _c2016 |
||
| 300 |
_a1 v. (pág. var.) _bil. col. _c28 cm _e+ 1 disco compacto |
||
| 500 | _aPrecede al tít.: Universidad Católica de El Salvador, Facultad de Ciencias y Humanidades | ||
| 502 | _aTrabajo de graduación para optar al grado académico de Licenciatura en Ciencias de la Educación especialidad en matemática. | ||
| 650 | 2 | 4 |
_97302 _aMatemáticas _xDidáctica |
| 710 | 2 |
_91075 _aUniversidad Católica de El Salvador _bFacultad de Ciencias y Humanidades |
|
| 942 |
_2ddc _cTG |
||
| 999 |
_c26487 _d26487 |
||